East African Campaigns. (Record no. 12405)
[ view plain ]
| 000 -LEADER | |
|---|---|
| fixed length control field | 00581cam a22002052 4500 |
| 001 - CONTROL NUMBER | |
| control field | 0000000570 |
| 005 - DATE AND TIME OF LATEST TRANSACTION | |
| control field | 20151217155804.0 |
| 008 - FIXED-LENGTH DATA ELEMENTS--GENERAL INFORMATION | |
| fixed length control field | 070212s xx 000 0 eng d |
| 020 ## - INTERNATIONAL STANDARD BOOK NUMBER | |
| Terms of availability | KES |
| 040 ## - CATALOGING SOURCE | |
| Original cataloging agency | KABU |
| Transcribing agency | KABU |
| 050 #0 - LIBRARY OF CONGRESS CALL NUMBER | |
| Classification number | D576 |
| Item number | .G3L48 |
| 100 1# - MAIN ENTRY--PERSONAL NAME | |
| Personal name | Lettow Vorbeck, Paul Von. |
| -- | 0000148800 |
| 245 10 - TITLE STATEMENT | |
| Title | East African Campaigns. |
| 260 ## - PUBLICATION, DISTRIBUTION, ETC. (IMPRINT) | |
| Place of publication, distribution, etc. | New York : |
| Name of publisher, distributor, etc. | Robert Speller, |
| Date of publication, distribution, etc. | 1957. |
| 300 ## - PHYSICAL DESCRIPTION | |
| Extent | 303 p. |
| 650 #0 - SUBJECT ADDED ENTRY--TOPICAL TERM | |
| Topical term or geographic name as entry element | World War 1914-1918 |
| General subdivision | Campaigns |
| Geographic subdivision | Africa, East. |
| -- | 0000148801 |
| 908 ## - PUT COMMAND PARAMETER (RLIN) | |
| Put command parameter | 070212 |
| 950 ## - LOCAL HOLDINGS (RLIN) | |
| -- | 1 |
| Withdrawn status | Lost status | Source of classification or shelving scheme | Not for loan | Home library | Current library | Date acquired | Total Checkouts | Full call number | Barcode | Date last seen | Price effective from | Koha item type |
|---|---|---|---|---|---|---|---|---|---|---|---|---|
| Library of Congress Classification | Kabarak, Main Campus | Kabarak, Main Campus | 17/12/2015 | D576 .G3L48 | 006415 | 17/12/2015 | 17/12/2015 | Africana Collection |